Black's Adult Health Nursing I (Record no. 1799)
[ view plain ]
| 000 -LEADER | |
|---|---|
| Fixed length control field | 00975nam a22002777a 4500 |
| 003 - CONTROL NUMBER IDENTIFIER | |
| Control field | IIN |
| 005 - DATE AND TIME OF LATEST TRANSACTION | |
| Control field | 20250506114300.0 |
| 008 - FIXED-LENGTH DATA ELEMENTS--GENERAL INFORMATION | |
| Fixed length control field | 250506s2024 |||adc|| |||| 001 0 eng d |
| 020 ## - INTERNATIONAL STANDARD BOOK NUMBER / ISBN | |
| International Standard Book Number | 9788131267691 |
| Price | Rs.3265.00 |
| 040 ## - CATALOGING SOURCE | |
| Original cataloging agency | IIN |
| 082 ## - DEWEY DECIMAL CLASSIFICATION NUMBER | |
| Classification number | 610.72699 |
| Book Number | BLA |
| 100 ## - MAIN ENTRY--PERSONAL NAME | |
| Personal name | Black, Joyce M. |
| 245 ## - TITLE STATEMENT | |
| Title | Black's Adult Health Nursing I |
| Sub title | with integrated Pathophysiology: Clinical Management for positive outcomes (Sem-III)/ |
| Statement of responsibility | Joyce M. Black & Jane Hokanson Hawks; edited by Malarvizhi S. & Renuka K. |
| 250 ## - EDITION STATEMENT | |
| Edition statement | 2nd ed. |
| Remainder of edition statement | South Asian Edition |
| 260 ## - IMPRINT | |
| Place of publication | New Delhi |
| Name of publisher | Elsevier |
| Date of publication | 2024 |
| 300 ## - PHYSICAL DESCRIPTION | |
| Page / Vol. No | xvi, 1040 [12] p./ vol.1 |
| Other physical details | col. ill. |
| 500 ## - GENERAL NOTE | |
| General note | Includes Index |
| 650 ## - SUBJECT ADDED ENTRY--TOPICAL TERM | |
| Topical term | Adult Health |
| Form subdivision | Nursing |
| 650 ## - SUBJECT ADDED ENTRY--TOPICAL TERM | |
| Topical term | Medical Surgical |
| Form subdivision | Nursing |
| 650 ## - SUBJECT ADDED ENTRY--TOPICAL TERM | |
| Topical term | Pathophysiology |
| Form subdivision | Adult Health |
| General subdivision | Nursing |
| 650 ## - SUBJECT ADDED ENTRY--TOPICAL TERM | |
| Topical term | Pathophysiology |
| Form subdivision | Medical Surgical |
| General subdivision | Nursing |
| 700 ## - ADDED ENTRY--PERSONAL NAME | |
| Personal name | Hawks, Jane Hokanson |
| 700 ## - ADDED ENTRY--PERSONAL NAME | |
| Personal name | S., Malarvizhi (ed) |
| 700 ## - ADDED ENTRY--PERSONAL NAME | |
| Personal name | K., Renuka (ed) |
| 942 ## - ADDED ENTRY ELEMENTS (KOHA) | |
| Koha item type | Books |
| Withdrawn status | Lost status | Source of classification | Damaged status | Not for loan | Collection code | Home library | Current library | Shelving location | Date acquired | Price | Total Checkouts | Call number | Accession number | Date last seen | Copy number | Price effective from | Koha item type |
|---|---|---|---|---|---|---|---|---|---|---|---|---|---|---|---|---|---|
| Dewey Decimal Classification | Purches Book(set price) | IDEAL INSTITUTE OF NURSING | IDEAL INSTITUTE OF NURSING | General Stacks | 11/03/2025 | 3265.00 | 610.72699 BLA | 1993 | 06/05/2025 | v.1 | 06/05/2025 | Books |
